000 01349nam a22002777a 4500
005 20101206113148.0
008 101206t xxu||||| |||| 00| 0 hin d
010 _aHIN-93311
020 _c225.00
_a9788170284628
035 _aHN-65657
037 _bDBAD/PUB
040 _aDPL
_bHN
082 _a509.2
100 _924598
_aकेन,फिलिप
245 _aविश्व के महान वैज्ञानिक
_cफिलिप केन;लाजपतराय द्दारा अनुवादित
_bविश्व प्रसिद्द महान वैज्ञानिकों के जीवन और अनुसंधानों का सचित्र परिचय /
246 _aVishv ke Mahan Veginik
_bby Philip Kain
260 _aदिल्ली
_bराजपाल एण्ड संस
_c2009
270 _bदिल्ली
_aकश्मीरी गेट
_e110006
300 _a280पृ.
_c22सेमी (सजिल्द)
650 _91169
650 _929580
700 _924599
_aलाजपतराय
700 _924924
942 _2ddc
_cHN
_mकेनफि
_h509.2
999 _c54034
_d54034